Missing Word: Bands (A-Z) Quiz Stats

Quiz Updated Nov 17, 2016

Challenge
Share
Tweet
Embed
Score 0/26 Timer 02:00
3 Plays Today
Hint Missing Word % Correct
Backstreet _________Boys
99.2%
Red ________ Chili PeppersHot
98.6%
Black Eyed _________Peas
98.4%
_________ N' RosesGuns
98.2%
New _________ on the BlockKids
96.7%
The _________ StonesRolling
95.8%
Pink _________Floyd
93.4%
Nine _________ NailsInch
93.2%
_________ HalenVan
93%
Grateful _________ Dead
89.4%
The _________ PumpkinsSmashing
88.9%
_________ SkynyrdLynyrd
88.4%
The _________ StripesWhite
85.4%
Hint Missing Word % Correct
Rage Against the _________Machine
85.3%
_________ in ChainsAlice
79.6%
Led _________Zeppelin
78.6%
_________ Clearwater RevivalCreedence
76.5%
_________ Light OrchestraElectric
74%
_________ HeadsTalking
72.7%
Three Dog _________Night
71.3%
_________ of the Stone AgeQueens
68.3%
_________ AddictionJane's
66.9%
The Velvet _________ Underground
66.5%
________ BoingoOingo
65.9%
Yeah Yeah _________Yeahs
61%
_________ SpexX-Ray
30.3%

Today's Daily Dose

You're not logged in!

Compare scores with friends on all Sporcle quizzes.
Sign Up with Email
OR
Log In

You Might Also Like...

Show Comments

Extras

Top Quizzes Today


Score Distribution

Your Account Isn't Verified!

In order to create a playlist on Sporcle, you need to verify the email address you used during registration. Go to your Sporcle Settings to finish the process.